00478nam a2200145 a 450000100060000000300090000600800410001504000280005608200190008411000470010324500380015026000670018830000140025565000630026911500CO-ViMGA141112s2004 ck r 000 u spa d aCO-ViMGAbspacCO-ViMGA04a920.0861 A674a aFundación Santillana para IberoAmérica10aArciniegas corresponsal del mundo aBogotá, cfundación Santillana para IberoAmérica, c1990 a28 p. il.14aARCINIEGAS GERMAN 1900 - 1999 - CORRESPONDENCIA - MEMORIAS